Biblioteca

Respondiendo a lo oculto, la logia, y al satanismo. (Registro nro. 32259)

Detalles MARC
000 -LÍDER
Campo fijo de descripción fija 01720aam a2200349 i 4500
001 - NÚMERO DE CONTROL
Campo de control 768714001
003 - IDENTIFICADOR DEL NÚMERO DE CONTROL
Campo de control CO-MdFUSB
005 - FECHA Y HORA DE LA ULTIMA TRANSACCIÓN
control field 20250425095527.0
007 - CAMPO FIJO DE DESCRIPCIÓN FIJA--INFORMACIÓN GENERAL
Campo fijo de descripción fija ta
008 - ELEMENTOS DE LONGITUD FIJA -- INFORMACIÓN GENERAL
Campo fijo de descripción fija -- Información general 250425t2001 -us |||| |||| 00| 0 spa d
020 ## - NÚMERO INTERNACIONAL NORMALIZADO PARA LIBROS
Número Internacional Normalizado del libro 0-570-05188-6
040 ## - FUENTE DE CATALOGACIÓN
Agencia que realiza la transcripción CO-MdFUSB
041 0# - CÓDIGO DE IDIOMA
Código de idioma para texto/pista de sonido o título separado spa
082 04 - NÚMERO DE CLASIFICACIÓN DECIMAL DEWEY
Número de la edición del Dewey 23
Número de clasificación 239
Clave de autor-Numero de item C7448r
100 1# - ASIENTO PRINCIPAL--NOMBRE PERSONAL
Nombre personal Hoover, David W.
Término relacionador autor
245 10 - TÍTULO
Título del Material Respondiendo a lo oculto, la logia, y al satanismo.
Mención de responsabilidad, etc. / David W. Hoover , L. James Rongstad , Bruce G. Frederickson
264 #1 - PRODUCCIÓN, PUBLICACIÓN, DISTRIBUCIÓN, MANUFACTURA, Y COPYRIGHT
Nombre del productor, publicador, distribuidor Concordia,
Lugar de producción, publicación, distribución, manufactura St. Louis, MO, USA :
Fecha de producción, publicación, distribución, manufactura, o copyright [2001]
264 #4 - PRODUCCIÓN, PUBLICACIÓN, DISTRIBUCIÓN, MANUFACTURA, Y COPYRIGHT
Fecha de producción, publicación, distribución, manufactura, o copyright ©2001
300 ## - DESCRIPCIÓN FÍSICA
Extensión 134 páginas
Dimensiones ; 23 cm
336 ## - TIPO DE CONTENIDO
Término de tipo de contenido texto
Código de tipo de contenido txt
Fuente rdacontent
337 ## - TIPO DE MEDIO
Fuente rdamedia
Nombre del tipo de medio sin mediación
Código del tipo de medio n
338 ## - TIPO DE SOPORTE
Fuente rdacarrier
Nombre del tipo de soporte volumen
Código Tipo de soporte nc
490 ## - MENCIÓN DE SERIE
Mención de serie Respondiendo
505 ## - NOTA DE CONTENIDO
Título Respondiendo a lo oculto:
Nota de contenido con formato preestablecido La explosión del ocultismo. -- El enemigo. -- Adivinación. -- Magia. -- Espiritismo. -- Listos para responder.
Título Respondiendo a lo logia:
Nota de contenido con formato preestablecido Historia de la logia. -- Comprendiendo los conceptos de la logia. -- Organización y estructura de la logia. -- Salvación en la logia. -- Oración y sincretismo en la logia. -- Algunas comparaciones doctrinales. -- Lo que podemos aprender de la logia. -- Cómo testificar a la logia.
Título Respondiendo al satanismo:
Nota de contenido con formato preestablecido El enemigo y sus huellas. -- Los susurros de Dios. -- Satanás visible: satanistas religiosos. -- Al margen de lo visible: las sectas satánicas. -- Satanismo de aficionados. -- Desde una perspectiva cristiana.
650 14 - ASIENTO SECUNDARIO DE MATERIA - TERMINO TEMÁTICO
Término temático o nombre geográfico como elemento de entrada OCULTISMO - ASPECTOS RELIGIOSOS - CRISTIANISMO
653 ## - TÉRMINO DE INDIZACIÓN - NO CONTROLADO
Término no controlado Ocultismo
653 ## - TÉRMINO DE INDIZACIÓN - NO CONTROLADO
Término no controlado Satanismo
700 ## - ASIENTO SECUNDARIO - NOMBRE PERSONAL
Nombre personal Rongstad, L. James,
9 (RLIN) 11283
Responsabilidad autor
700 ## - ASIENTO SECUNDARIO - NOMBRE PERSONAL
Nombre personal Frederickson, Bruce G.,
9 (RLIN) 11284
Responsabilidad autor
942 ## - TIPO DE MATERIAL (KOHA)
Tipo de Item KOHA Libros General
945 ## - INFORMACIÓN LOCAL DEL REGISTRO
Catalogador JTF-925
Existencias
Estado de Material Estado de Perdido Volumen-Parte/Tomo Estado de Dañado No para Préstamo Colección Tomo Biblioteca de Origen Biblioteca Permanente Fecha de Adquisición Total de Préstamos Signatura Topográfica Código de Barras Última vez visto Ejemplar/Existencia Fecha de Remplazo Tipo de Material
    1     Colección General   Biblioteca FUSBC Biblioteca FUSBC 23/09/2004   G 239 C7448r 28816 12/12/2019 1 26/01/2016 Libros General

Biblioteca FUSBC | Teléfono: (57+4) 349 88 10 Ext. 141| WhatsApp (+57) 3005338115 
E-mail: biblioteca@unisbc.edu.co | Calle 76 87-14 Robledo Palenque, Medellín, Colombia

Con tecnología Koha